Statistics for Countries at 10°W Longitude

Click here to take the quiz!

General Stats

  • This quiz has been taken 18 times
  • The average score is 5 of 6

Answer Stats

Country% Correct
Morocco
100%
Mali
94%
Ireland
89%
Guinea
83%
Liberia
83%
Mauritania
83%

Score Distribution

Percentile by Number Answered

Percent of People with Each Score

Your Score History

You have not taken this quiz